| 000 | 01528nam a22003137a 4500 | ||
|---|---|---|---|
| 005 | 20090922154155.0 | ||
| 008 | 970716s1998 nyua | b 001 0 eng | ||
| 010 | _aB-357617 | ||
| 020 | _c450.00 | ||
| 035 | _aB-357617 | ||
| 037 | _bUBH | ||
| 040 |
_aDPL _bEN |
||
| 082 | _a621.3845 | ||
| 100 | _aLee, William C. Y. | ||
| 245 |
_aMobile communications engineering : _btheory and applications / _cby William C.Y. Lee. |
||
| 250 | _a2nd ed. | ||
| 260 |
_aNew Delhi _bTata McGraw-Hill Publishing _c2008(repr.) |
||
| 270 |
_a7, west Patel Nagar _bNew Delhi _e110008 |
||
| 300 |
_axxii, 689 p. : _bill. _c25 cm. (pbk) |
||
| 500 | _aIncludes bibliographical references and index. | ||
| 650 | _aMobile communication systems. | ||
| 856 |
_3Contributor biographical information _uhttp://www.loc.gov/catdir/bios/mh041/97030668.html |
||
| 856 |
_3Publisher description _uhttp://www.loc.gov/catdir/description/mh023/97030668.html |
||
| 856 |
_3Table of contents _uhttp://www.loc.gov/catdir/toc/mh022/97030668.html |
||
| 942 |
_2ddc _cEN _h621.3845 _mLEE |
||
| 999 |
_c30581 _d30581 |
||